[Event "EU-ch (Women) 24th"]
[Site "Rhodes"]
[Date "2024.04.28"]
[Round "9"]
[White "Tsirulnik, Maritsa"]
[Black "Lomaia, Diana"]
[Result "1-0"]
[WhiteElo "2082"]
[BlackElo "2005"]
[PlyCount "115"]
[EventDate "2024.04.19"]
[EventType "swiss"]
[EventRounds "10"]
[EventCountry "GRE"]
[SourceTitle "CB18_2024"]
[SourceDate "2024.05.01"]
[SourceVersion "1"]
[SourceVersionDate "2024.05.01"]
[SourceQuality "2"]

1. c4 e5 2. Nf3 Nc6 3. Nc3 Nf6 4. a3 d5 5. cxd5 Nxd5 6. Qc2 Be7 7. e3 a6 8. b4 Nxc3 9. dxc3 0-0 10. Bb2 Bg4 11. Rd1 Qc8 12. Be2 Qe6 13. c4 e4 14. Nd4 Nxd4 15. exd4 Bf5 16. Qc3 Qh6 17. Bc1 Bg5 18. Bxg5 Qxg5 19. 0-0 Rfe8 20. Qe3 Qg6 21. d5 Rad8 22. Rd4 h5 23. Qf4 Rd7 24. Rfd1 Bg4 25. Bxg4 Qxg4 26. Qe3 Qg6 27. c5 Red8 28. h4 Qg4 29. f3 Qxh4 30. fxe4 Qe7 31. e5 Re8 32. Re1 Rdd8 33. Qf4 c6 34. d6 Qe6 35. Qg5 g6 36. Rf4 Rd7 37. Rf6 Qg4 38. Qxg4 hxg4 39. e6 fxe6 40. Rxg6+ Kf7 41. Rxg4 e5 42. Kf2 b6 43. Ke3 Ke6 44. Ke4 Rf7 45. Rh1 bxc5 46. bxc5 Rb8 47. Rh6+ Kd7 48. Kxe5 Rb5 49. Rc4 Rb1 50. Rb4 Re1+ 51. Kd4 Rf4+ 52. Kd3 Rd1+ 53. Kc2 Rxb4 54. axb4 Rd4 55. Rh7+ Kd8 56. Kb3 Rg4 57. Ka4 Rxg2 58. Ka5 1-0

[Event "EU-ch (Women) 24th"]
[Site "Rhodes"]
[Date "2024.04.27"]
[Round "8"]
[White "Klek, Hanna Marie"]
[Black "Tsirulnik, Maritsa"]
[Result "1-0"]
[WhiteElo "2294"]
[BlackElo "2082"]
[PlyCount "101"]
[EventDate "2024.04.19"]
[EventType "swiss"]
[EventRounds "10"]
[EventCountry "GRE"]
[SourceTitle "CB18_2024"]
[SourceDate "2024.05.01"]
[SourceVersion "1"]
[SourceVersionDate "2024.05.01"]
[SourceQuality "2"]

1. e4 c5 2. Nf3 Nc6 3. d4 cxd4 4. Nxd4 Nf6 5. Nc3 e5 6. Ndb5 d6 7. Bg5 a6 8. Na3 b5 9. Nd5 Be7 10. Bxf6 Bxf6 11. c4 b4 12. Nc2 Rb8 13. b3 0-0 14. g3 Be6 15. Bg2 Bxd5 16. cxd5 Nd4 17. Nxd4 exd4 18. Rc1 Qa5 19. Rc6 d3 20. 0-0 Qxa2 21. Qxd3 Rfd8 22. Rxa6 Qb2 23. Rb1 Qd4 24. Qe2 Rbc8 25. Rc6 Ra8 26. Rc4 Qb6 27. Bf1 Bc3 28. Rc6 Qa7 29. Qf3 Qe7 30. Ba6 Re8 31. Rd1 Rad8 32. Rc4 Rb8 33. Qd3 h5 34. h4 g5 35. hxg5 Qxg5 36. Kg2 h4 37. e5 Qxe5 38. Rxh4 Kf8 39. Rf4 Qg5 40. Qf3 Re7 41. Rh1 Be5 42. Rf5 Qg7 43. Rh4 Ra8 44. Bd3 Bc3 45. Rff4 Raa7 46. Bf5 Bd2 47. Rfg4 Qf6 48. Qd3 Bc3 49. Bh7 Re8 50. Rg8+ Ke7 51. Qe3+ 1-0

[Event "EU-ch (Women) 24th"]
[Site "Rhodes"]
[Date "2024.04.26"]
[Round "7"]
[White "Tsirulnik, Maritsa"]
[Black "Berend, Elvira S"]
[Result "1/2-1/2"]
[WhiteElo "2082"]
[BlackElo "2260"]
[PlyCount "75"]
[EventDate "2024.04.19"]
[EventType "swiss"]
[EventRounds "10"]
[EventCountry "GRE"]
[SourceTitle "CB18_2024"]
[SourceDate "2024.05.01"]
[SourceVersion "1"]
[SourceVersionDate "2024.05.01"]
[SourceQuality "2"]

1. d4 Nf6 2. c4 e6 3. g3 d5 4. Nf3 dxc4 5. Bg2 c5 6. 0-0 Nc6 7. Qa4 Bd7 8. Qxc4 b5 9. Qd3 c4 10. Qd1 Rc8 11. Bf4 Be7 12. Nc3 Nb4 13. Ne5 Nbd5 14. Nxd7 Qxd7 15. Be5 0-0 16. e4 Nxc3 17. bxc3 a5 18. a3 Rfd8 19. Qe2 Ne8 20. Rfb1 Bf8 21. g4 b4 22. axb4 axb4 23. cxb4 c3 24. b5 c2 25. Rc1 f6 26. Bf4 Qxd4 27. Ra2 Nd6 28. Raxc2 Rxc2 29. Rxc2 Nxb5 30. Be3 Qd1+ 31. Qxd1 Rxd1+ 32. Bf1 Nd4 33. Rc8 Nf3+ 34. Kg2 Nh4+ 35. Kg3 Rxf1 36. Kxh4 Kf7 37. Rc7+ Ke8 38. Rc1 1/2-1/2

[Event "EU-ch (Women) 24th"]
[Site "Rhodes"]
[Date "2024.04.21"]
[Round "3"]
[White "Tsirulnik, Maritsa"]
[Black "Aliu, Arlinda"]
[Result "1-0"]
[WhiteElo "2082"]
[BlackElo "1813"]
[PlyCount "99"]
[EventDate "2024.04.19"]
[EventType "swiss"]
[EventRounds "10"]
[EventCountry "GRE"]
[SourceTitle "CB18_2024"]
[SourceDate "2024.05.01"]
[SourceVersion "1"]
[SourceVersionDate "2024.05.01"]
[SourceQuality "2"]

1. c4 e6 2. d4 b6 3. Nf3 Nf6 4. g3 Bb7 5. Bg2 Bb4+ 6. Bd2 Qe7 7. 0-0 0-0 8. Bf4 d5 9. c5 bxc5 10. a3 Ba5 11. dxc5 Nh5 12. b4 Nxf4 13. gxf4 Nc6 14. bxa5 Qxc5 15. Qd3 Qxa5 16. Ng5 g6 17. Nd2 Ba6 18. Qh3 h5 19. Nb3 Qb6 20. Rfe1 Ne7 21. Rac1 Bc4 22. Nd2 Bb5 23. e4 Rfd8 24. Qc3 Qd6 25. e5 Qc6 26. Qa5 Qb6 27. Qxb6 cxb6 28. Rc7 Rd7 29. Rec1 Rad8 30. Bf1 Bc4 31. Rxd7 Rxd7 32. Nxc4 dxc4 33. Rxc4 Nd5 34. Bg2 Ne7 35. Bf3 Nf5 36. Rc8+ Kg7 37. Kf1 Nd4 38. Be2 f6 39. Ne4 fxe5 40. fxe5 Nxe2 41. Kxe2 Rd4 42. Rc7+ Kf8 43. Ng5 Ra4 44. Nxe6+ Ke8 45. Rc3 Ke7 46. Ng5 Rg4 47. Nf3 Ra4 48. Ke3 Ke6 49. Rc6+ Kf5 50. Rf6+ 1-0

[Event "EU-ch (Women) 23rd"]
[Site "Petrovac"]
[Date "2023.03.28"]
[Round "10"]
[White "Ismayil, Malak"]
[Black "Tsirulnik, Maritsa"]
[Result "1-0"]
[WhiteElo "2011"]
[BlackElo "2121"]
[PlyCount "63"]
[EventDate "2023.03.18"]
[EventType "swiss"]
[EventRounds "11"]
[EventCountry "MNE"]
[SourceTitle "CBM 213 Extra"]
[Source "ChessBase"]
[SourceDate "2023.05.31"]
[SourceVersion "1"]
[SourceVersionDate "2023.05.31"]
[SourceQuality "1"]

1. e4 c5 2. Nf3 e6 3. c3 d5 4. exd5 Qxd5 5. Be2 Nc6 6. 0-0 Nf6 7. d4 cxd4 8. cxd4 Be7 9. Nc3 Qd6 10. Nb5 Qd8 11. Bf4 Nd5 12. Bg3 a6 13. Nc3 0-0 14. Rc1 Qb6 15. Na4 Qa7 16. a3 Rd8 17. Qd2 Bd7 18. Nc5 Be8 19. b4 Rac8 20. Nb3 Nc7 21. Qe3 Nb5 22. Bxb5 axb5 23. Nc5 Rd5 24. Nxe6 Bf6 25. Nc7 Rdd8 26. Nxb5 Qb6 27. Nd6 Ra8 28. d5 Nd4 29. Nxd4 Bxd4 30. Qd2 Ba4 31. Nf5 Rxd5 32. Ne7+ 1-0

[Event "EU-ch (Women) 23rd"]
[Site "Petrovac"]
[Date "2023.03.27"]
[Round "9"]
[White "Lomaia, Diana"]
[Black "Tsirulnik, Maritsa"]
[Result "1-0"]
[WhiteElo "1950"]
[BlackElo "2121"]
[PlyCount "47"]
[EventDate "2023.03.18"]
[EventType "swiss"]
[EventRounds "11"]
[EventCountry "MNE"]
[SourceTitle "CBM 213 Extra"]
[Source "ChessBase"]
[SourceDate "2023.05.31"]
[SourceVersion "1"]
[SourceVersionDate "2023.05.31"]
[SourceQuality "1"]

1. d4 Nf6 2. c4 e6 3. Nc3 Bb4 4. Nf3 b6 5. Qb3 c5 6. dxc5 bxc5 7. g3 Nc6 8. Bg2 Ba6 9. 0-0 0-0 10. Na4 Na5 11. Qc2 Bxc4 12. Ne5 d5 13. b3 Qb8 14. Bf4 Ba6 15. a3 Rc8 16. axb4 cxb4 17. Qb2 Nh5 18. Nc6 Qb5 19. Ne7+ Kf8 20. Nxc8 Nxf4 21. gxf4 Rxc8 22. Bf3 Rd8 23. Rfc1 Qb8 24. Nc5 1-0

[Event "EU-ch (Women) 22nd"]
[Site "Prague"]
[Date "2022.08.31"]
[Round "11"]
[White "Eric, Jovana"]
[Black "Tsirulnik, Maritsa"]
[Result "1/2-1/2"]
[WhiteElo "2244"]
[BlackElo "2089"]
[PlyCount "96"]
[EventDate "2022.08.20"]
[EventType "swiss"]
[EventRounds "11"]
[EventCountry "CZE"]
[SourceTitle "CBM 209 Extra"]
[Source "ChessBase"]
[SourceDate "2022.09.30"]
[SourceVersion "1"]
[SourceVersionDate "2022.09.30"]
[SourceQuality "1"]

1. e4 c5 2. Nf3 d6 3. d4 Nf6 4. Nc3 cxd4 5. Nxd4 e6 6. Be3 Be7 7. Be2 Nc6 8. f4 0-0 9. 0-0 e5 10. Nb3 exf4 11. Bxf4 Be6 12. Kh1 d5 13. e5 Ne4 14. Bd3 Nxc3 15. bxc3 g6 16. Qd2 Re8 17. Nd4 Qd7 18. Nf3 Bf8 19. Bh6 Bg4 20. Bxf8 Rxf8 21. Rae1 Rae8 22. Bb5 Bxf3 23. Rxf3 Re6 24. Rf6 Qe7 25. Rxe6 Qxe6 26. Qe3 a6 27. Bxc6 bxc6 28. Qa7 f6 29. Qxa6 fxe5 30. h3 e4 31. Rf1 Rf5 32. a4 e3 33. Re1 Rf2 34. Qb6 Qe4 35. Qb8+ Rf8 36. Qg3 e2 37. a5 Qc4 38. Kh2 Re8 39. Qf3 d4 40. cxd4 Qxc2 41. a6 Qd2 42. Qf2 Qa2 43. a7 Qxa7 44. Rxe2 Rxe2 45. Qxe2 Qxd4 46. Qe8+ Kg7 47. Qxc6 Qe5+ 48. Kg1 Qe3+ 1/2-1/2

[Event "EU-ch (Women) 22nd"]
[Site "Prague"]
[Date "2022.08.25"]
[Round "6"]
[White "Tsirulnik, Maritsa"]
[Black "Kucharska, Honorata"]
[Result "1-0"]
[WhiteElo "2089"]
[BlackElo "2193"]
[PlyCount "75"]
[EventDate "2022.08.20"]
[EventType "swiss"]
[EventRounds "11"]
[EventCountry "CZE"]
[SourceTitle "CBM 209 Extra"]
[Source "ChessBase"]
[SourceDate "2022.09.30"]
[SourceVersion "1"]
[SourceVersionDate "2022.09.30"]
[SourceQuality "1"]

1. d4 d5 2. c4 e6 3. Nc3 Nf6 4. cxd5 exd5 5. Bg5 c6 6. e3 Be7 7. Bd3 0-0 8. Qc2 h6 9. Bh4 Re8 10. Nf3 Nbd7 11. 0-0 Ne4 12. Bxe7 Qxe7 13. Bxe4 dxe4 14. Nd2 Nf6 15. Rfe1 Bd7 16. Rad1 Rad8 17. f3 exf3 18. Nxf3 Bg4 19. e4 Nh7 20. Rd3 Bxf3 21. gxf3 c5 22. d5 Qe5 23. Rf1 c4 24. Rd2 Ng5 25. Kh1 Nh3 26. Ne2 Rd6 27. Qxc4 Rg6 28. f4 Qh5 29. e5 Qg4 30. Ng3 Rc8 31. Qe4 Qh4 32. Nf5 Qd8 33. d6 Qa5 34. Ne7+ Kh7 35. Nxg6 fxg6 36. Rg2 Rg8 37. Qxg6+ Kh8 38. Qd3 1-0

[Event "EU-ch (Women) 22nd"]
[Site "Prague"]
[Date "2022.08.20"]
[Round "1"]
[White "Beydullayeva, Govhar"]
[Black "Tsirulnik, Maritsa"]
[Result "1-0"]
[WhiteElo "2339"]
[BlackElo "2089"]
[PlyCount "83"]
[EventDate "2022.08.20"]
[EventType "swiss"]
[EventRounds "11"]
[EventCountry "CZE"]
[SourceTitle "CBM 209 Extra"]
[Source "ChessBase"]
[SourceDate "2022.09.30"]
[SourceVersion "1"]
[SourceVersionDate "2022.09.30"]
[SourceQuality "1"]

1. Nf3 d5 2. d4 e6 3. c4 c6 4. b3 Bb4+ 5. Bd2 Bxd2+ 6. Nbxd2 Nf6 7. Qc2 0-0 8. g3 Nbd7 9. Bg2 b6 10. 0-0 Bb7 11. e4 Nxe4 12. Nxe4 dxe4 13. Qxe4 Nf6 14. Qe3 Qc7 15. Ne5 Rad8 16. Rfd1 Rfe8 17. b4 Nd7 18. Nd3 b5 19. c5 Re7 20. f4 Nf6 21. Nf2 Red7 22. g4 Nd5 23. Bxd5 exd5 24. Re1 Kf8 25. Qh3 Qxf4 26. Qxh7 Qh6 27. Qxh6 gxh6 28. Nd3 Re8 29. Rxe8+ Kxe8 30. Rf1 Re7 31. Ne5 a6 32. Rf6 Re6 33. Rxe6+ fxe6 34. Kf2 Ke7 35. Kg3 a5 36. bxa5 b4 37. Kh4 Kf6 38. Kh5 Ba6 39. Nxc6 Bc4 40. Nxb4 e5 41. dxe5+ Kxe5 42. a6 1-0

[Event "UKR-ch (Women) 81st"]
[Site "Kharkov"]
[Date "2021.12.14"]
[Round "6"]
[White "Tsirulnik, Maritsa"]
[Black "Gaponenko, Inna"]
[Result "1/2-1/2"]
[WhiteElo "2054"]
[BlackElo "2347"]
[PlyCount "156"]
[EventDate "2021.12.08"]
[EventType "tourn"]
[EventRounds "9"]
[EventCountry "UKR"]
[SourceTitle "CBM 205 Extra"]
[Source "ChessBase"]
[SourceDate "2022.01.31"]
[SourceVersion "1"]
[SourceVersionDate "2022.01.31"]
[SourceQuality "1"]

1. d4 Nf6 2. Nf3 g6 3. c4 Bg7 4. Nc3 0-0 5. g3 d6 6. Bg2 Nc6 7. 0-0 Bg4 8. d5 Na5 9. Nd2 c5 10. h3 Bd7 11. Qc2 a6 12. b3 b5 13. Bb2 Rb8 14. Rab1 Qc8 15. Kh2 bxc4 16. bxc4 Rb4 17. a3 Rb8 18. Ba1 Qc7 19. Na2 Rxb1 20. Rxb1 Rb8 21. Bc3 Rxb1 22. Qxb1 Ne8 23. Qb2 Ba4 24. Bxg7 Nxg7 25. Be4 Qb7 26. Qxb7 Nxb7 27. Nc3 Bd7 28. Nb3 Ne8 29. Bc2 Nc7 30. a4 a5 31. g4 Na8 32. Kg3 Nb6 33. Nd2 Nd8 34. g5 f6 35. gxf6 exf6 36. Bb3 Kf8 37. h4 Nf7 38. f4 Ke7 39. Nf1 g5 40. e3 h6 41. Nd2 gxh4+ 42. Kxh4 f5 43. Nb5 Be8 44. Kg3 Nh8 45. e4 fxe4 46. Nxe4 Bxb5 47. cxb5 c4 48. Ba2 Ng6 49. Nc3 Nf8 50. Kg4 Nfd7 51. Kf5 Nf6 52. Kg6 h5 53. Kg5 Kf7 54. Bb1 Nbxd5 55. Nxd5 Nxd5 56. Ba2 Nb6 57. Kxh5 Kf6 58. Kg4 d5 59. Kf3 Nxa4 60. Ke3 Ke6 61. Kd4 Kd6 62. f5 Nb6 63. f6 a4 64. f7 Ke7 65. Bb1 a3 66. Kc3 Kxf7 67. Kb4 Ke6 68. Kxa3 d4 69. Kb4 Kd5 70. Bg6 d3 71. Kc3 Na4+ 72. Kb4 Nb6 73. Kc3 Na4+ 74. Kb4 Nb2 75. b6 d2 76. Bc2 Kc6 77. Kc3 d1Q 78. Bxd1 Nxd1+ 1/2-1/2

[Event "UKR-ch (Women) 81st"]
[Site "Kharkov"]
[Date "2021.12.10"]
[Round "3"]
[White "Rakhmangulova, Anastasiya"]
[Black "Tsirulnik, Maritsa"]
[Result "0-1"]
[WhiteElo "2174"]
[BlackElo "2054"]
[PlyCount "94"]
[EventDate "2021.12.08"]
[EventType "tourn"]
[EventRounds "9"]
[EventCountry "UKR"]
[SourceTitle "CBM 205 Extra"]
[Source "ChessBase"]
[SourceDate "2022.01.31"]
[SourceVersion "1"]
[SourceVersionDate "2022.01.31"]
[SourceQuality "1"]

1. e4 c5 2. Nf3 Nc6 3. d4 cxd4 4. Nxd4 Qb6 5. Nb3 Nf6 6. Nc3 e6 7. Be3 Qc7 8. a3 a6 9. f4 d6 10. Qf3 b5 11. Be2 Bb7 12. 0-0 Be7 13. Qg3 h5 14. Bf3 g6 15. Nd4 Na5 16. Rae1 Nc4 17. Bc1 Qc5 18. Qf2 Ng4 19. Bxg4 hxg4 20. g3 Bd8 21. b3 Nxa3 22. Na2 Bb6 23. c3 a5 24. Be3 Qh5 25. Re2 a4 26. f5 0-0 27. b4 Bxe4 28. Bc1 gxf5 29. Rxe4 fxe4 30. Qf6 Qg6 31. Bxa3 e5 32. Qf2 f5 33. Bc1 Rac8 34. Be3 exd4 35. cxd4 Rc4 36. Nc1 Rfc8 37. Ne2 Rc2 38. Re1 a3 39. Nf4 Qf7 40. Qf1 R8c4 41. Ng2 a2 42. Qf4 Rxg2+ 43. Kxg2 Rc2+ 44. Kh1 Qh5 45. h4 gxh3 46. g4 Qxg4 47. Rg1 Rg2 0-1

[Event "EU-ch (Women) 21st"]
[Site "Iasi"]
[Date "2021.08.19"]
[Round "10"]
[White "Tsirulnik, Maritsa"]
[Black "Pancu, Aureliana Eugenia"]
[Result "1-0"]
[WhiteElo "2046"]
[BlackElo "1862"]
[PlyCount "107"]
[EventDate "2021.08.09"]
[EventType "swiss"]
[EventRounds "11"]
[EventCountry "ROU"]
[SourceTitle "CBM 203 Extra"]
[Source "ChessBase"]
[SourceDate "2021.09.30"]
[SourceVersion "1"]
[SourceVersionDate "2021.09.30"]
[SourceQuality "1"]

1. d4 Nf6 2. c4 g6 3. g3 Bg7 4. Bg2 c6 5. Nf3 0-0 6. 0-0 d5 7. b3 Bf5 8. Bb2 Qc8 9. Re1 Nbd7 10. Nbd2 Ne4 11. Rc1 Qd8 12. Nf1 Bh6 13. e3 Ndf6 14. Ne5 Bg7 15. f3 Nd6 16. g4 Be6 17. Nd2 Bc8 18. e4 e6 19. Nd3 dxe4 20. fxe4 Nd7 21. e5 Ne8 22. Ba3 Nxe5 23. dxe5 Qxd3 24. Nf3 Qxd1 25. Rcxd1 Nc7 26. Bxf8 Kxf8 27. Nd4 Bd7 28. Rd3 Ke8 29. g5 Na6 30. Rh3 Rd8 31. Rxh7 Kf8 32. Rh4 Kg8 33. Nf3 Be8 34. Rd4 Rxd4 35. Nxd4 Nb4 36. Nf3 Bf8 37. Rd1 Nxa2 38. Rd8 Bc5+ 39. Kf1 Kf8 40. Rb8 b5 41. Nd2 Ke7 42. Ne4 Bb6 43. Nf6 Bd8 44. Nxe8 Kxe8 45. Bxc6+ Ke7 46. Rb7+ Kf8 47. Rxa7 Nb4 48. Ra8 Nxc6 49. cxb5 Nxe5 50. Rxd8+ Ke7 51. Rd4 Nd7 52. Ke2 e5 53. Rxd7+ Kxd7 54. Ke3 1-0

[Event "EU-ch (Women) 21st"]
[Site "Iasi"]
[Date "2021.08.18"]
[Round "9"]
[White "Matasaru, Stephanie"]
[Black "Tsirulnik, Maritsa"]
[Result "1-0"]
[WhiteElo "1741"]
[BlackElo "2046"]
[PlyCount "113"]
[EventDate "2021.08.09"]
[EventType "swiss"]
[EventRounds "11"]
[EventCountry "ROU"]
[SourceTitle "CBM 203 Extra"]
[Source "ChessBase"]
[SourceDate "2021.09.30"]
[SourceVersion "1"]
[SourceVersionDate "2021.09.30"]
[SourceQuality "1"]

1. e4 c5 2. Nf3 e6 3. d4 cxd4 4. Nxd4 Nc6 5. Nc3 Qc7 6. Be3 Nf6 7. Qf3 Bb4 8. Ndb5 Qa5 9. 0-0-0 a6 10. Nd6+ Bxd6 11. Rxd6 Qc7 12. Rd1 0-0 13. Be2 d6 14. g4 b5 15. g5 Nd7 16. Qg3 b4 17. Qxd6 Qxd6 18. Rxd6 bxc3 19. Rxc6 cxb2+ 20. Kxb2 Bb7 21. Rc7 Bxe4 22. f3 Rfb8+ 23. Kc1 Rb7 24. Rxd7 Rxd7 25. fxe4 Rb7 26. Rd1 Rab8 27. Bxa6 Rb1+ 28. Kd2 R1b4 29. Bd3 Ra4 30. Ra1 Rba8 31. Rb1 Rxa2 32. Bf4 R2a5 33. e5 Rd8 34. Rb3 h6 35. gxh6 gxh6 36. Rb4 Kg7 37. Be3 Rad5 38. Rg4+ Kh8 39. Bxh6 Rg8 40. Rxg8+ Kxg8 41. Bf4 f6 42. exf6 Kf7 43. c4 Ra5 44. Ke3 e5 45. Bg3 Kxf6 46. Ke4 Ke6 47. h4 Ra1 48. h5 Rg1 49. Bf2 Rh1 50. Be2 Kf6 51. Bg3 Ke6 52. Bg4+ Kf6 53. Bxe5+ Kg5 54. Be2 Re1 55. Bf4+ Kf6 56. Ke3 Kf5 57. h6 1-0

[Event "EU-ch (Women) 21st"]
[Site "Iasi"]
[Date "2021.08.17"]
[Round "8"]
[White "Tsirulnik, Maritsa"]
[Black "Verbin, Valentina"]
[Result "1/2-1/2"]
[WhiteElo "2046"]
[BlackElo "2012"]
[PlyCount "177"]
[EventDate "2021.08.09"]
[EventType "swiss"]
[EventRounds "11"]
[EventCountry "ROU"]
[SourceTitle "CBM 203 Extra"]
[Source "ChessBase"]
[SourceDate "2021.09.30"]
[SourceVersion "1"]
[SourceVersionDate "2021.09.30"]
[SourceQuality "1"]

1. d4 Nf6 2. c4 e6 3. g3 d5 4. Bg2 Bb4+ 5. Bd2 Be7 6. Nf3 0-0 7. 0-0 Nbd7 8. Qb3 a5 9. Nc3 c6 10. Rfd1 a4 11. Nxa4 dxc4 12. Qc2 b5 13. Nc3 Nd5 14. a3 Qc7 15. Ng5 g6 16. h4 Bb7 17. e4 Nxc3 18. Qxc3 c5 19. Bf4 Qb6 20. Be3 Rad8 21. a4 cxd4 22. Bxd4 Bc5 23. axb5 Qxb5 24. Rac1 Bxd4 25. Rxd4 Ne5 26. Rc2 Ba6 27. Rcd2 Rxd4 28. Qxd4 Nd3 29. Bh3 h6 30. Nf3 e5 31. Qd6 Bb7 32. Bd7 Qa6 33. Qe7 Bxe4 34. Nh2 Qa1+ 35. Nf1 Ne1 36. Bg4 Bf3 37. Be6 Kg7 38. Bxc4 Qa5 39. Rd6 Ba8 40. Be2 e4 41. Qf6+ Kg8 42. h5 Qg5 43. Qxg5 hxg5 44. hxg6 Rb8 45. b4 fxg6 46. b5 Kg7 47. b6 Kf7 48. Ne3 Nd3 49. Nc4 Ke7 50. Rxg6 Bd5 51. Ne3 Be6 52. Rxg5 Rxb6 53. Nd5+ Bxd5 54. Rxd5 Rb1+ 55. Kg2 Ne1+ 56. Kh3 Ke6 57. Bc4 Kf6 58. Kg4 Rb4 59. Rf5+ Kg7 60. Rf7+ Kg6 61. Rc7 Rb2 62. Bd5 Rxf2 63. Bxe4+ Kf6 64. Rc8 Ke5 65. Re8+ Kd6 66. Kg5 Re2 67. Rd8+ Ke7 68. Rd4 Ke6 69. Ra4 Ke5 70. Ba8 Nc2 71. g4 Kd6 72. Ra6+ Ke5 73. Ra5+ Kd6 74. Ra2 Nd4 75. Rxe2 Nxe2 76. Kf6 Nf4 77. Be4 Nh3 78. Bf3 Nf4 79. g5 Kd7 80. Kf5 Ne6 81. g6 Ke7 82. Bd5 Ng7+ 83. Kg5 Ne8 84. Bb3 Ng7 85. Bf7 Kf8 86. Kh6 Nf5+ 87. Kh7 Ne7 88. Be6 Nxg6 89. Kxg6 1/2-1/2

[Event "EU-ch (Women) 21st"]
[Site "Iasi"]
[Date "2021.08.12"]
[Round "4"]
[White "Tsirulnik, Maritsa"]
[Black "Zherebtsova, Alexandra"]
[Result "1/2-1/2"]
[WhiteElo "2046"]
[BlackElo "2188"]
[PlyCount "68"]
[EventDate "2021.08.09"]
[EventType "swiss"]
[EventRounds "11"]
[EventCountry "ROU"]
[SourceTitle "CBM 203 Extra"]
[Source "ChessBase"]
[SourceDate "2021.09.30"]
[SourceVersion "1"]
[SourceVersionDate "2021.09.30"]
[SourceQuality "1"]

1. d4 d5 2. c4 e6 3. g3 dxc4 4. Bg2 c5 5. d5 exd5 6. Bxd5 Qd7 7. Nc3 Nf6 8. Bxc4 Qxd1+ 9. Nxd1 Nc6 10. Nf3 Be7 11. 0-0 0-0 12. Nc3 Na5 13. Nd5 Bd8 14. Nxf6+ Bxf6 15. Bd5 Rd8 16. e4 h6 17. Bd2 Nc6 18. Bc3 Bxc3 19. bxc3 Ne7 20. Bc4 Ng6 21. Kg2 Bg4 22. Bd5 Rab8 23. a4 Kf8 24. h3 Be6 25. c4 Bxd5 26. exd5 Ne7 27. Ne5 Nf5 28. Rfe1 Nd6 29. Rac1 Rbc8 30. Nd3 b6 31. Ne5 Re8 32. Re3 Nf5 33. Ree1 Nd6 34. Re3 Nf5 1/2-1/2

[Event "Kiev Spring op"]
[Site "Kiev"]
[Date "2021.07.17"]
[Round "9"]
[White "Zamekhovskiy, Yevgen"]
[Black "Tsirulnik, Maritsa"]
[Result "0-1"]
[WhiteElo "1937"]
[BlackElo "2057"]
[PlyCount "164"]
[EventDate "2021.07.10"]
[EventType "swiss"]
[EventRounds "9"]
[EventCountry "UKR"]
[SourceTitle "EXT 2024"]
[Source "ChessBase"]
[SourceDate "2023.10.10"]
[SourceVersion "1"]
[SourceVersionDate "2023.10.10"]
[SourceQuality "1"]

1. d4 d5 2. Nf3 e6 3. c4 a6 4. Qc2 Nf6 5. g3 dxc4 6. a4 c5 7. dxc5 Bxc5 8. Bg2 Nc6 9. 0-0 0-0 10. Nbd2 Bd7 11. Qxc4 Qe7 12. Ne4 Nxe4 13. Qxe4 f5 14. Qc2 h6 15. Qb3 Kh7 16. Rd1 e5 17. Be3 Bb4 18. Rxd7 Qxd7 19. Nxe5 Nxe5 20. Qxb4 Nc6 21. Qb6 Rf6 22. h4 Re8 23. Rc1 Rd6 24. Qb3 Rd8 25. Rc5 Rf6 26. Kh2 Qe7 27. Qc3 Rd7 28. Bxc6 bxc6 29. Rxc6 Rxc6 30. Qxc6 Rd1 31. Kg2 Ra1 32. b3 Ra2 33. Kf3 Qf7 34. Kg2 Qxb3 35. Qd7 Rxa4 36. Qxf5+ Kh8 37. Bf4 Qb7+ 38. f3 Qe7 39. Be5 Rc4 40. Qd3 Rc6 41. f4 a5 42. Qd5 Ra6 43. Qd1 Qe6 44. Qd4 Qf7 45. Qd8+ Qg8 46. Qd3 Qa8+ 47. Kh2 a4 48. Ba1 a3 49. Qd4 Qf8 50. Qc4 Rb6 51. Qd4 Rc6 52. f5 Rc1 53. Qe5 Qf7 54. Bd4 a2 55. Kh3 Rh1+ 56. Kg4 Rb1 57. e4 h5+ 58. Kg5 Kh7 59. Bc3 Rb7 60. Bd4 Rd7 61. Bc3 Rd3 62. Bd4 Ra3 63. Bb2 Ra7 64. Qd4 Rd7 65. Qc3 Qe7+ 66. Kf4 Rc7 67. Qd3 Qc5 68. Qe2 Qd6+ 69. e5 Qb4+ 70. Kg5 Qg4+ 71. Qxg4 hxg4 72. f6 gxf6+ 73. Kxf6 Rb7 74. Bd4 Rd7 75. Bc3 Rd3 76. Bb2 Rxg3 77. e6 Re3 78. Bd4 Rxe6+ 79. Kxe6 g3 80. Kf5 g2 81. Kf4 a1Q 82. Bxa1 g1Q 0-1

[Event "Kiev Spring op"]
[Site "Kiev"]
[Date "2021.07.16"]
[Round "8"]
[White "Manko, Mariya"]
[Black "Tsirulnik, Maritsa"]
[Result "0-1"]
[WhiteElo "1864"]
[BlackElo "2057"]
[PlyCount "104"]
[EventDate "2021.07.10"]
[EventType "swiss"]
[EventRounds "9"]
[EventCountry "UKR"]
[SourceTitle "EXT 2024"]
[Source "ChessBase"]
[SourceDate "2023.10.10"]
[SourceVersion "1"]
[SourceVersionDate "2023.10.10"]
[SourceQuality "1"]

1. Nf3 e6 2. c4 d5 3. d4 Nf6 4. g3 dxc4 5. Qa4+ Bd7 6. Qxc4 Bc6 7. Bg2 Bd6 8. Nc3 0-0 9. 0-0 Nbd7 10. Qd3 Bxf3 11. Bxf3 c6 12. Rd1 Qe7 13. Bg2 Rad8 14. Qc2 e5 15. d5 cxd5 16. Nxd5 Nxd5 17. Bxd5 Nc5 18. b4 Ne6 19. a3 Kh8 20. Bb2 Nd4 21. Bxd4 exd4 22. Rxd4 Be5 23. Rh4 Qxh4 24. gxh4 Bxa1 25. Qf5 Rd6 26. h5 g6 27. hxg6 hxg6 28. Qf3 b6 29. e4 Kg7 30. Qd1 Be5 31. Qc1 Rf6 32. Kg2 Rh8 33. h3 g5 34. f3 Rh4 35. Bb7 Rhf4 36. Bd5 g4 37. hxg4 Rh6 38. Bb7 Rd6 39. Qe3 Rd8 40. Bc6 Kg6 41. Bb5 Rf6 42. Ba6 Rh8 43. Bb5 Rh2+ 44. Kf1 Bf4 45. Qc3 Rd6 46. Bd3 Rh1+ 47. Ke2 Rh2+ 48. Kf1 Rd2 49. Bc2 Kg5 50. e5 Rh6 51. Kg1 Rhh2 52. Qc8 Kh4 0-1

[Event "Kiev Spring op"]
[Site "Kiev"]
[Date "2021.07.10"]
[Round "1"]
[White "Tsirulnik, Maritsa"]
[Black "Didok, Danylo"]
[Result "1-0"]
[WhiteElo "2057"]
[BlackElo "1353"]
[PlyCount "69"]
[EventDate "2021.07.10"]
[EventType "swiss"]
[EventRounds "9"]
[EventCountry "UKR"]
[SourceTitle "EXT 2024"]
[Source "ChessBase"]
[SourceDate "2023.10.10"]
[SourceVersion "1"]
[SourceVersionDate "2023.10.10"]
[SourceQuality "1"]

1. d4 d5 2. c4 c6 3. Nf3 Nf6 4. g3 Bf5 5. Nc3 e6 6. Nh4 Bg6 7. Qb3 Qb6 8. Nxg6 hxg6 9. Bg2 Be7 10. 0-0 0-0 11. e4 dxe4 12. Qxb6 axb6 13. Nxe4 Rd8 14. Rd1 Na6 15. Bf4 Nxe4 16. Bxe4 Bf6 17. Be3 Nc7 18. a3 b5 19. b3 c5 20. Bf4 Ne8 21. cxb5 cxd4 22. Bxb7 Ra7 23. Bc6 e5 24. Bd2 Nd6 25. a4 e4 26. a5 d3 27. Ra4 Rb8 28. Be3 Rc7 29. a6 Nxb5 30. Bxb5 Rxb5 31. a7 Rxa7 32. Bxa7 Rxb3 33. Rxe4 Ra3 34. Bd4 Bxd4 35. Rxd4 1-0

[Event "Mariupol CC 50th Aniversary"]
[Site "Mariupol"]
[Date "2021.06.12"]
[Round "7"]
[White "Tsirulnik, Maritsa"]
[Black "Agudova, Olga"]
[Result "1-0"]
[WhiteElo "2099"]
[BlackElo "1942"]
[PlyCount "95"]
[EventDate "2021.06.08"]
[EventType "swiss"]
[EventRounds "9"]
[EventCountry "UKR"]
[SourceTitle "EXT 2023"]
[Source "ChessBase"]
[SourceDate "2022.10.05"]
[SourceVersion "1"]
[SourceVersionDate "2022.10.05"]
[SourceQuality "1"]

1. d4 e6 2. c4 f5 3. g3 Nf6 4. Bg2 d5 5. Nf3 c6 6. 0-0 Bd6 7. Nc3 0-0 8. Rb1 a5 9. Qc2 Nbd7 10. cxd5 Nxd5 11. e4 Nc7 12. Bg5 Qe8 13. e5 Be7 14. Bxe7 Qxe7 15. Nd2 Nb6 16. Na4 Nxa4 17. Qxa4 Qb4 18. Qxb4 axb4 19. Nc4 Nb5 20. a4 Rxa4 21. Ra1 Rxa1 22. Rxa1 Bd7 23. Ra4 Rd8 24. Rxb4 Be8 25. Na5 Rxd4 26. Rxd4 Nxd4 27. Nxb7 Kf8 28. f4 Ke7 29. Kf2 Nc2 30. Bf3 Nb4 31. Ke3 Bf7 32. Kd4 Kd7 33. Nd6 Bg6 34. h4 h6 35. Be2 Nd5 36. Bd1 Kc7 37. h5 Bh7 38. Ba4 g5 39. Ne8+ Kb6 40. fxg5 hxg5 41. Nf6 f4 42. gxf4 Nxf4 43. Nxh7 Nxh5 44. Nxg5 c5+ 45. Ke4 Ng3+ 46. Kf3 Nf5 47. Nxe6 Ka5 48. Bc2 1-0